000 01760cam a22004094i 4500
003 PE-LiUPU
005 20250731173139.0
008 150623s r 000 0 d
035 _a(Sirsi) a27286
040 _aPE-LiUPU
_bspa
_cPE-LiUPU
_erda
082 0 4 _a242.4
_bS37
_221
100 1 _aSelf, Carolyn Shealy,
_eautor.
245 1 0 _aSurvival kit for the stranded :
_bhelps for those who hurt /
_cCarolyn Shealy Self.
264 1 _aNampa, ID :
_bPacific Press Publishing Association,
_c1998.
300 _a133 páginas ;
_c21 cm.
336 _atext
_2rdacontent
337 _aunmediated
_2rdamedia
338 _avolume
_2rdacarrier
505 0 _aIntroduction. Stranded with grief bill. Stranded with guilt Carolyn and Bill. Stranded with fear Bill. Stranded in illness Carolyn and Bill. Stranded in mental illness Carolyn. Stranded alone Bill. Stranded with despair Bill. Stranded in the middle Bill. Stranded parents Carolyn and Bill. Stranded in the stained-glass jungle Carolyn. Stranded at the end Bill. How to survive: true faith and true grit Carolyn and Bill. Afterthougth.
526 _aSEG42
526 _aSEG41
526 _aSEG40
526 _aSEG39
526 _aP94
526 _aP87
526 _aP86
526 _aP85
526 _aP77
526 _aP76
526 _aP35
650 0 4 _aConsolación.
942 _2ddc
_cBOOK
949 _a242.4 S37
_wDEWEY
_c1
_i52582
_lCCODEBUL1
_mBUL
_p4.00
_r0
_sY
_tBOOK
_u2015-06-24
_xTEOLOGIA
_PP35
_0COMPRA
_o.STAFF. Colección General
596 _a1
999 _a242.4 S37
_wDEWEY
_c34409
_i52582
_f2021-11-11
_g5
_lCCODEBUL1
_mBUL
_p4.00
_r0
_sY
_tBOOK
_u2015-6-24
_xTEOLOGIA
_PP35
_0COMPRA
_o.STAFF. Colección General
_d34409
980 _81
_gALBERTO SANCHEZ Responsable de Automatización